00353nam a2200133Ia 4500008004100000041000800041082001700049100001800066245004500084250000700129260004000136300003000176365001300206240624s9999 xx 000 0 und d aeng a658.4012 RIN aRINGLAND GILL aSCENARIO PLANNING MANAGING FOR THE FUTUR a11 c2004aChichesterbJohn Wiley & Sons axi, : 407 : p. : cm. ; 23 cRSb33.5